| 000 | 00904nam a2200217Ia 4500 | ||
|---|---|---|---|
| 001 | 695 | ||
| 003 | GE_BSU | ||
| 008 | 181216s||||||||xx |||||||||||||| ||und|| | ||
| 040 | _cGE_BSU | ||
| 080 | _a681.142(075.8) | ||
| 100 | _aმამარდაშვილი,გრ. | ||
| 245 | _aელექტრონული ციფრული მანქანების არითმეტიკული საფუძვლები | ||
| 245 | _bსახელმძღვანელო უმაღლესი ტექნიკ. სასწავლ–ს. | ||
| 260 | _aთბილისი | ||
| 260 | _bგანათლება | ||
| 260 | _c1982 | ||
| 300 | _a208გვ. | ||
| 541 | _h7ლ. | ||
| 653 | _aელექტრონული ციფრული მანქანების არითმეტიკული საფუძვლები | ||
| 942 | _cBK | ||
| 999 |
_c34875 _d34875 |
||